000 00621nam a22002177a 4500
003 0
005 20241009160134.0
008 241009b xxu||||| |||| 00| 0 eng d
020 _a9781534443358
050 _aPZ 7
_b.W872 2020
100 _aWong, Lindsay,
_eauthor.
245 _aMy summer of love and misfortune /
_cLindsay Wong.
260 _aNew York :
_bSimon Pulse,
_c2020.
300 _a374 p. ;
_c21 cm.
650 _aConduct of life
_vFiction.
650 _aFamily life
_xFiction.
_zChina
650 _aChinese Americans
_vFiction.
650 _aLove
_vFiction.
651 _aChina
_vFiction.
942 _2lcc
_cBK
999 _c366478
_d366478